000 00726cam a22002413a 4500
001 28233
003 PGUSA
005 20140828083617.0
008 090301s2009||||xxu|||||s|||||000 | eng d
040 _aPGUSA
_beng
042 _adc
050 4 _aQA
100 1 _aNewton, Isaac,
_cSir,
_d1642-1727
245 1 0 _aPhilosophiae Naturalis Principia Mathematica
_h[electronic resource] /
_cIsaac, Newton
260 _bProject Gutenberg,
_c2009
506 _aPublic domain in the USA.
516 _aElectronic text
653 _aCelestial mechanics -- Early works to 1800
653 _aMechanics -- Early works to 1800
830 0 _aProject Gutenberg
_v28233
856 4 0 _uhttp://www.gutenberg.org/ebooks/28233
942 _cEB
999 _c257488
_d257488